[Event "CHN-chT (Women)"]
[Site "Qingdao"]
[Date "2024.04.06"]
[Round "5.1"]
[White "Hu, Yi"]
[Black "Wang, Yu A"]
[Result "0-1"]
[WhiteElo "2012"]
[BlackElo "2228"]
[PlyCount "64"]
[EventDate "2024.04.02"]
[EventType "team-swiss"]
[EventRounds "9"]
[EventCountry "CHN"]
[SourceTitle "CB16_2024"]
[SourceDate "2024.04.17"]
[SourceVersion "1"]
[SourceVersionDate "2024.04.17"]
[SourceQuality "1"]
[WhiteTeam "Qingdao (W)"]
[BlackTeam "Beijing (W)"]
[WhiteTeamCountry "CHN"]
[BlackTeamCountry "CHN"]

1. e4 e5 2. Nf3 Nc6 3. Bb5 a6 4. Ba4 Nf6 5. 0-0 Nxe4 6. d4 b5 7. Bb3 d5 8. dxe5 Be6 9. Nbd2 Nc5 10. c3 d4 11. Bxe6 Nxe6 12. Nb3 dxc3 13. bxc3 Qxd1 14. Rxd1 Be7 15. Be3 Ba3 16. Nfd4 Nxe5 17. Nxe6 fxe6 18. Bd4 Nc4 19. Bxg7 Rg8 20. Bd4 0-0-0 21. Re1 Rg6 22. Rad1 a5 23. Bc5 Rxd1 24. Rxd1 a4 25. Bxa3 axb3 26. Bc5 bxa2 27. Ra1 Rg5 28. Bd4 c5 29. h4 Rd5 30. Bf6 Rd2 31. Bg5 Rb2 32. Kh2 Rxf2 0-1

[Event "CHN-chT Div A Finals"]
[Site "Nanjing"]
[Date "2023.12.03"]
[Round "2.24"]
[White "Chu, Ruotong"]
[Black "Wang, Yu A"]
[Result "1/2-1/2"]
[WhiteElo "2114"]
[BlackElo "2222"]
[PlyCount "66"]
[EventDate "2023.12.02"]
[EventType "team-tourn"]
[EventRounds "10"]
[EventCountry "CHN"]
[SourceTitle "CB50_2023"]
[SourceDate "2023.12.13"]
[SourceVersion "1"]
[SourceVersionDate "2023.12.13"]
[SourceQuality "1"]
[WhiteTeam "Chengdu"]
[BlackTeam "Beijing"]
[WhiteTeamCountry "CHN"]
[BlackTeamCountry "CHN"]

1. d4 Nf6 2. c4 e6 3. g3 d5 4. Nf3 Be7 5. Bg2 0-0 6. 0-0 dxc4 7. Qc2 a6 8. a4 Bd7 9. Qxc4 Bc6 10. Bg5 Nbd7 11. Nc3 h6 12. Bf4 Nb6 13. Qd3 Nbd5 14. Nxd5 Bxd5 15. Rfc1 Bd6 16. Bxd6 Qxd6 17. Ne5 Bxg2 18. Kxg2 Rfd8 19. Nf3 c6 20. Qb3 Rd7 21. a5 Rad8 22. Ra4 Qd5 23. Rb4 Qxb3 24. Rxb3 Re7 25. Rc4 Rd5 26. Rcb4 Rxa5 27. Rxb7 Rxb7 28. Rxb7 Rb5 29. Ra7 Rxb2 30. Kf1 Rb1+ 31. Kg2 Rb2 32. Kf1 Rb1+ 33. Kg2 Rb2 1/2-1/2

[Event "CHN-chT Div A Finals"]
[Site "Nanjing"]
[Date "2023.12.02"]
[Round "1.24"]
[White "Wang, Yu A"]
[Black "Chu, Ruotong"]
[Result "1/2-1/2"]
[WhiteElo "2222"]
[BlackElo "2114"]
[PlyCount "79"]
[EventDate "2023.12.02"]
[EventType "team-tourn"]
[EventRounds "10"]
[EventCountry "CHN"]
[SourceTitle "CB50_2023"]
[SourceDate "2023.12.13"]
[SourceVersion "1"]
[SourceVersionDate "2023.12.13"]
[SourceQuality "1"]
[WhiteTeam "Beijing"]
[BlackTeam "Chengdu"]
[WhiteTeamCountry "CHN"]
[BlackTeamCountry "CHN"]

1. e4 e5 2. Nf3 Nf6 3. Nxe5 d6 4. Nf3 Nxe4 5. Nc3 Nxc3 6. dxc3 Be7 7. Be3 Nc6 8. Bd3 Be6 9. Qe2 Qd7 10. h4 h6 11. 0-0-0 Bf6 12. Kb1 0-0-0 13. Bb5 Kb8 14. Nd4 Nxd4 15. Bxd4 Qe7 16. g3 a6 17. Bc4 Bxc4 18. Qxc4 Bxd4 19. Qxd4 Qe5 20. Rhe1 Qxd4 21. Rxd4 Rhe8 22. Rde4 Rxe4 23. Rxe4 Kc8 24. Rg4 g6 25. Rf4 Rd7 26. h5 Kd8 27. hxg6 fxg6 28. Rf8+ Ke7 29. Rh8 h5 30. Kc1 Kf6 31. Kd2 a5 32. c4 b6 33. Ke3 d5 34. cxd5 Rxd5 35. Rh7 Re5+ 36. Kd3 Rd5+ 37. Ke3 Re5+ 38. Kd3 Rd5+ 39. Ke3 Re5+ 40. Kd3 1/2-1/2

[Event "Belt and Road op 3rd"]
[Site "Qinhuangdao"]
[Date "2023.11.23"]
[Round "8"]
[White "Jiang, Haochen"]
[Black "Wang, Yu A"]
[Result "1/2-1/2"]
[WhiteElo "2037"]
[BlackElo "2222"]
[PlyCount "60"]
[EventDate "2023.11.19"]
[EventType "swiss"]
[EventRounds "9"]
[EventCountry "CHN"]
[SourceTitle "CB48_2023"]
[SourceDate "2023.11.29"]
[SourceVersion "1"]
[SourceVersionDate "2023.11.29"]
[SourceQuality "1"]

1. Nf3 d5 2. g3 Nf6 3. Bg2 e6 4. 0-0 Nbd7 5. d4 b5 6. b3 Bb7 7. Nbd2 Be7 8. c4 dxc4 9. bxc4 b4 10. c5 0-0 11. a3 a5 12. Nc4 Bd5 13. Ne3 Be4 14. Bd2 Rb8 15. axb4 axb4 16. Ra2 Nd5 17. Rb2 Nxe3 18. fxe3 b3 19. Ne1 Nf6 20. Rxb3 Rxb3 21. Qxb3 Bxg2 22. Nxg2 Bxc5 23. Qc4 Bb6 24. Bb4 Re8 25. Bc5 Bxc5 26. Qxc5 e5 27. Rc1 exd4 28. Qxc7 Qxc7 29. Rxc7 dxe3 30. Rc3 Nd5 1/2-1/2

[Event "Belt and Road op 3rd"]
[Site "Qinhuangdao"]
[Date "2023.11.20"]
[Round "3"]
[White "Wang, Yu A"]
[Black "Hou, Yifan B"]
[Result "1/2-1/2"]
[WhiteElo "2222"]
[BlackElo "2102"]
[PlyCount "74"]
[EventDate "2023.11.19"]
[EventType "swiss"]
[EventRounds "9"]
[EventCountry "CHN"]
[SourceTitle "CB48_2023"]
[SourceDate "2023.11.29"]
[SourceVersion "1"]
[SourceVersionDate "2023.11.29"]
[SourceQuality "1"]

1. e4 c5 2. Nf3 Nc6 3. d4 cxd4 4. Nxd4 Nf6 5. Nc3 e5 6. Ndb5 d6 7. Bg5 a6 8. Na3 b5 9. Nd5 Be7 10. Bxf6 Bxf6 11. c4 b4 12. Nc2 a5 13. g3 0-0 14. Bg2 g6 15. Nxf6+ Qxf6 16. 0-0 h5 17. Qd2 Be6 18. b3 Qd8 19. f4 a4 20. f5 axb3 21. axb3 Rxa1 22. Nxa1 Bc8 23. fxg6 Qb6+ 24. Kh1 fxg6 25. Rxf8+ Kxf8 26. Qxd6+ Kf7 27. Nc2 h4 28. c5 Qa6 29. Kg1 Be6 30. Bf1 Qa2 31. Qxc6 Qxc2 32. Qb7+ Kf6 33. Qxb4 h3 34. Qb6 Qxe4 35. c6 Kg7 36. c7 Qf3 37. Qxe6 Qe3+ 1/2-1/2

[Event "Tianjin Binhai Cup-A 3rd"]
[Site "Tianjin"]
[Date "2023.08.24"]
[Round "8"]
[White "Wang, Yu A"]
[Black "Chen, Zimu"]
[Result "1/2-1/2"]
[WhiteElo "2258"]
[BlackElo "1899"]
[PlyCount "89"]
[EventDate "2023.08.20"]
[EventType "swiss"]
[EventRounds "9"]
[EventCountry "CHN"]
[SourceTitle "CBM 215 Extra"]
[Source "ChessBase"]
[SourceDate "2023.09.30"]
[SourceVersion "1"]
[SourceVersionDate "2023.09.30"]
[SourceQuality "1"]

1. e4 Nf6 2. Nc3 d5 3. exd5 Nxd5 4. Bc4 Nb6 5. Bb3 c5 6. Qh5 c4 7. Bxc4 Nxc4 8. Qb5+ Nc6 9. Qxc4 e5 10. Nf3 Be6 11. Qe2 f6 12. d3 Rc8 13. 0-0 Bd6 14. Be3 0-0 15. Rfd1 Re8 16. d4 exd4 17. Nb5 Bb8 18. Nbxd4 Nxd4 19. Rxd4 Qa5 20. Qd2 Qh5 21. Bf4 Bg4 22. Bxb8 Bxf3 23. Bg3 Bc6 24. f3 Qg6 25. c3 h5 26. Rd1 Re6 27. Qd3 Qf7 28. b3 Rce8 29. Rd8 Rxd8 30. Qxd8+ Re8 31. Qd3 Re7 32. Re1 Rd7 33. Qe3 Kh7 34. Qxa7 Rd2 35. Qe3 Rxa2 36. Qd3+ Qg6 37. Qxg6+ Kxg6 38. Bf2 Rc2 39. Bd4 Kf7 40. h4 Rb2 41. b4 Rc2 42. Re3 Bb5 43. Re1 Bc4 44. Kh2 b5 45. Kg3 1/2-1/2

[Event "CHN-chT (Women)"]
[Site "Nanjing"]
[Date "2023.02.20"]
[Round "7.1"]
[White "Wang, Yu A"]
[Black "Bai, Xue"]
[Result "1/2-1/2"]
[WhiteElo "2269"]
[BlackElo "2102"]
[PlyCount "102"]
[EventDate "2023.02.14"]
[EventType "team-swiss"]
[EventRounds "9"]
[EventCountry "CHN"]
[SourceTitle "CBM 212 Extra"]
[Source "ChessBase"]
[SourceDate "2023.03.31"]
[SourceVersion "1"]
[SourceVersionDate "2023.03.31"]
[SourceQuality "1"]
[WhiteTeam "Beijing (W)"]
[BlackTeam "Zhejiang (W)"]
[WhiteTeamCountry "CHN"]
[BlackTeamCountry "CHN"]

1. e4 e5 2. Nf3 Nc6 3. Bc4 Bc5 4. 0-0 Nf6 5. d3 d6 6. Nc3 Na5 7. Bg5 Nxc4 8. dxc4 Be6 9. Qd3 h6 10. Bxf6 Qxf6 11. Nd5 Bxd5 12. cxd5 0-0 13. c3 a5 14. g3 g6 15. Kg2 Qe7 16. Nh4 c6 17. c4 Qg5 18. Rae1 Rae8 19. a3 Rb8 20. Rb1 a4 21. h3 cxd5 22. cxd5 b5 23. b4 axb3 24. Rxb3 b4 25. Nf3 Qf6 26. Rfb1 Qg7 27. axb4 Bb6 28. Rc3 f5 29. Rc6 Qf6 30. Rb3 Bc5 31. b5 Ra8 32. Ra6 Rxa6 33. bxa6 Ra8 34. exf5 Qxf5 35. Qxf5 gxf5 36. Nh4 Rxa6 37. Nxf5 h5 38. Kf3 Ra2 39. Ne3 Rd2 40. Rb5 Kf7 41. h4 Kf6 42. Rb8 Bxe3 43. Kxe3 Rxd5 44. Rg8 Ra5 45. Rg5 Ra3+ 46. Ke2 Ra2+ 47. Ke3 Ra3+ 48. Ke4 Ra4+ 49. Ke3 Ra3+ 50. Ke4 Ra4+ 51. Ke3 Ra3+ 1/2-1/2

[Event "CHN-chT (Women)"]
[Site "Nanjing"]
[Date "2023.02.15"]
[Round "2.1"]
[White "Wang, Yu A"]
[Black "Ning, Kaiyu"]
[Result "1/2-1/2"]
[WhiteElo "2269"]
[BlackElo "2387"]
[PlyCount "105"]
[EventDate "2023.02.14"]
[EventType "team-swiss"]
[EventRounds "9"]
[EventCountry "CHN"]
[SourceTitle "CBM 212 Extra"]
[Source "ChessBase"]
[SourceDate "2023.03.31"]
[SourceVersion "1"]
[SourceVersionDate "2023.03.31"]
[SourceQuality "1"]
[WhiteTeam "Beijing (W)"]
[BlackTeam "Shanghai (W)"]
[WhiteTeamCountry "CHN"]
[BlackTeamCountry "CHN"]

1. e4 c5 2. Nf3 d6 3. d4 cxd4 4. Nxd4 Nf6 5. Nc3 a6 6. Be3 e5 7. Nf3 Be7 8. Bc4 Be6 9. Bxe6 fxe6 10. Ng5 Qd7 11. Qf3 d5 12. 0-0-0 d4 13. Bxd4 exd4 14. e5 0-0 15. exf6 Bxf6 16. Qh5 Bxg5+ 17. Qxg5 Nc6 18. Ne4 e5 19. Kb1 Qd5 20. Rhe1 Nb4 21. b3 Qa5 22. a4 Qc7 23. Qd2 a5 24. Rc1 Rac8 25. c3 dxc3 26. Rxc3 Qf7 27. Rec1 Rcd8 28. Qe2 Rd4 29. f3 Rfd8 30. Qb5 Nc6 31. Rc4 h6 32. Rxd4 Rxd4 33. Rc4 Rd1+ 34. Rc1 Nd4 35. Qb6 Rxc1+ 36. Kxc1 Nxb3+ 37. Kb2 Nd4 38. Nd2 Qd5 39. Nb3 Kh7 40. Nxd4 exd4 41. Qb3 Qg5 42. Qxb7 Qxg2+ 43. Kb3 h5 44. Qe4+ g6 45. Qf4 Kg8 46. Qb8+ Kf7 47. Qf4+ Ke7 48. Qe5+ Kf7 49. Qf4+ Kg8 50. Qb8+ Kh7 51. Qc7+ Kh6 52. Qf4+ Kh7 53. Qf7+ 1/2-1/2

[Event "CHN-ch (Women)"]
[Site "Xinghua"]
[Date "2022.11.09"]
[Round "10"]
[White "Yuan, Ye"]
[Black "Wang, Yu A"]
[Result "1/2-1/2"]
[WhiteElo "2086"]
[BlackElo "2276"]
[PlyCount "61"]
[EventDate "2022.11.02"]
[EventType "tourn"]
[EventRounds "11"]
[EventCountry "CHN"]
[EventCategory "2"]
[SourceTitle "CBM 211 Extra"]
[Source "ChessBase"]
[SourceDate "2023.01.31"]
[SourceVersion "1"]
[SourceVersionDate "2023.01.31"]
[SourceQuality "1"]

1. d4 d6 2. e4 e5 3. Nf3 exd4 4. Nxd4 Nf6 5. Nc3 Be7 6. Be2 0-0 7. 0-0 Nc6 8. Be3 Nxd4 9. Bxd4 b6 10. f4 Bb7 11. Bf3 a6 12. Nd5 Nxd5 13. exd5 Bf6 14. Re1 Bxd4+ 15. Qxd4 Re8 16. Qc3 Qd7 17. Rxe8+ Rxe8 18. Re1 h6 19. Rxe8+ Qxe8 20. Kf2 Qe7 21. g3 Kf8 22. a3 a5 23. b4 axb4 24. axb4 Bc8 25. Qc6 Bf5 26. Qa8+ Qe8 27. Qxe8+ Kxe8 28. c3 Bd3 29. Ke3 Bf1 30. Kf2 Bd3 31. Ke3 1/2-1/2

[Event "CHN-ch (Women)"]
[Site "Xinghua"]
[Date "2022.11.07"]
[Round "7"]
[White "Song, Yuxin"]
[Black "Wang, Yu A"]
[Result "1-0"]
[WhiteElo "2311"]
[BlackElo "2276"]
[PlyCount "97"]
[EventDate "2022.11.02"]
[EventType "tourn"]
[EventRounds "11"]
[EventCountry "CHN"]
[EventCategory "2"]
[SourceTitle "CBM 211 Extra"]
[Source "ChessBase"]
[SourceDate "2023.01.31"]
[SourceVersion "1"]
[SourceVersionDate "2023.01.31"]
[SourceQuality "1"]

1. e4 e5 2. Nf3 Nc6 3. Bc4 Nf6 4. Ng5 d5 5. exd5 Na5 6. Bb5+ c6 7. dxc6 bxc6 8. Bd3 h6 9. Ne4 Nd5 10. 0-0 Be7 11. Be2 0-0 12. d3 f5 13. Ng3 Be6 14. Nd2 Bd6 15. Re1 Nf4 16. Nf3 Qf6 17. c3 Nxe2+ 18. Rxe2 Bd5 19. Nd2 c5 20. Qa4 Bc7 21. Qd7 Bd6 22. Qb5 Nc6 23. Nde4 fxe4 24. dxe4 Rab8 25. Qa4 Nd4 26. cxd4 Rb4 27. Qd7 Rf7 28. dxe5 Qxe5 29. Qc8+ Rf8 30. Qg4 Be6 31. Qg6 Rf6 32. Qh5 g5 33. Qe8+ Kh7 34. Be3 Rf8 35. Qh5 Bf7 36. Qh3 Be6 37. Qh5 Bf7 38. Qh3 Be6 39. Nf5 Rxf5 40. exf5 Bxf5 41. Bd2 Qd5 42. Qc3 Rh4 43. h3 Bd3 44. Re8 Rd4 45. Be3 Bb5 46. Bxd4 cxd4 47. Qa5 d3 48. Qxa7+ Kg6 49. Qe3 1-0

[Event "CHN-ch (Women)"]
[Site "Xinghua"]
[Date "2022.11.06"]
[Round "6"]
[White "Wang, Yu A"]
[Black "Ren, Xiaoyi"]
[Result "1/2-1/2"]
[WhiteElo "2276"]
[BlackElo "2207"]
[PlyCount "60"]
[EventDate "2022.11.02"]
[EventType "tourn"]
[EventRounds "11"]
[EventCountry "CHN"]
[EventCategory "2"]
[SourceTitle "CBM 211 Extra"]
[Source "ChessBase"]
[SourceDate "2023.01.31"]
[SourceVersion "1"]
[SourceVersionDate "2023.01.31"]
[SourceQuality "1"]

1. e4 e5 2. Nf3 Nc6 3. d4 exd4 4. Nxd4 Bc5 5. Nb3 Bb6 6. Nc3 Nf6 7. Bg5 h6 8. Bh4 g5 9. Bg3 Qe7 10. Bd3 d5 11. Qe2 dxe4 12. Nxe4 Nxe4 13. Bxe4 Bd7 14. 0-0-0 0-0-0 15. Rhe1 Rhe8 16. Qf1 Qf6 17. f3 h5 18. Kb1 Bf5 19. Rxd8+ Rxd8 20. Bxf5+ Qxf5 21. Qe2 a5 22. a3 a4 23. Nc1 h4 24. Bf2 Bxf2 25. Qxf2 b6 26. Nd3 Nd4 27. Re5 Qf6 28. Qe3 h3 29. Qxg5 hxg2 30. Qxg2 Qxf3 1/2-1/2

[Event "CHN-ch (Women)"]
[Site "Xinghua"]
[Date "2022.11.02"]
[Round "1"]
[White "Zhang, Lanlin"]
[Black "Wang, Yu A"]
[Result "1/2-1/2"]
[WhiteElo "2200"]
[BlackElo "2276"]
[PlyCount "60"]
[EventDate "2022.11.02"]
[EventType "tourn"]
[EventRounds "11"]
[EventCountry "CHN"]
[EventCategory "2"]
[SourceTitle "CBM 211 Extra"]
[Source "ChessBase"]
[SourceDate "2023.01.31"]
[SourceVersion "1"]
[SourceVersionDate "2023.01.31"]
[SourceQuality "1"]

1. e4 e5 2. Nf3 Nc6 3. Bb5 a6 4. Ba4 Nf6 5. 0-0 Be7 6. Re1 b5 7. Bb3 d6 8. c3 0-0 9. h3 Na5 10. Bc2 c5 11. d4 Qc7 12. d5 Ne8 13. Nbd2 g6 14. Nf1 Ng7 15. Bh6 f6 16. b3 Nb7 17. g4 Nd8 18. Ng3 Nf7 19. Be3 Ng5 20. Nxg5 fxg5 21. Qd2 h6 22. b4 cxb4 23. cxb4 Bd7 24. Rec1 Rac8 25. Bd1 Qb7 26. Rcb1 Bd8 27. a4 bxa4 28. Bxa4 Bxa4 29. Rxa4 Bb6 30. Bxb6 Qxb6 1/2-1/2

[Event "CHN-chT Div-A"]
[Site "Fuling"]
[Date "2022.09.14"]
[Round "7.1"]
[White "Ju, Wenjun"]
[Black "Wang, Yu A"]
[Result "1/2-1/2"]
[WhiteElo "2560"]
[BlackElo "2271"]
[PlyCount "83"]
[EventDate "2022.09.06"]
[EventType "team-tourn"]
[EventRounds "11"]
[EventCountry "CHN"]
[SourceTitle "CBM 210 Extra"]
[Source "ChessBase"]
[SourceDate "2022.11.30"]
[SourceVersion "1"]
[SourceVersionDate "2022.11.30"]
[SourceQuality "1"]
[WhiteTeam "Shanghai"]
[BlackTeam "Beijing"]
[WhiteTeamCountry "CHN"]
[BlackTeamCountry "CHN"]

1. d4 d5 2. c4 c6 3. Nf3 Nf6 4. e3 e6 5. Nbd2 Nbd7 6. b3 Bd6 7. Bb2 0-0 8. Qc2 Qe7 9. Ne5 Ba3 10. Bxa3 Qxa3 11. Bd3 h6 12. f4 c5 13. 0-0 cxd4 14. exd4 b6 15. Ndf3 dxc4 16. bxc4 Bb7 17. Qe2 Rad8 18. Rad1 Qc3 19. Kh1 Nb8 20. f5 exf5 21. Bxf5 Rfe8 22. Qc2 Qxc2 23. Bxc2 Nbd7 24. Ba4 Nxe5 25. Nxe5 Re6 26. Bb3 Re7 27. Kg1 Nd7 28. Nf3 Nf6 29. d5 Ne4 30. Rde1 Kf8 31. Nh4 Nf6 32. Rxe7 Kxe7 33. Nf5+ Kf8 34. Nxh6 b5 35. Nf5 bxc4 36. Bxc4 Bxd5 37. Rd1 Rd7 38. Ne3 Bxc4 39. Rxd7 Nxd7 40. Nxc4 Ke7 41. Kf2 Ke6 42. Kf3 1/2-1/2

[Event "CHN-chT Div-A Rapid"]
[Site "Fuling"]
[Date "2022.09.14"]
[Round "7.1"]
[White "Wang, Yu A"]
[Black "Ju, Wenjun"]
[Result "0-1"]
[WhiteElo "2271"]
[BlackElo "2560"]
[PlyCount "74"]
[EventDate "2022.09.06"]
[EventType "team-tourn (rapid)"]
[EventRounds "11"]
[EventCountry "CHN"]
[SourceTitle "CBM 210 Extra"]
[Source "ChessBase"]
[SourceDate "2022.11.30"]
[SourceVersion "1"]
[SourceVersionDate "2022.11.30"]
[SourceQuality "1"]
[WhiteTeam "Beijing"]
[BlackTeam "Shanghai"]
[WhiteTeamCountry "CHN"]
[BlackTeamCountry "CHN"]

1. e4 c5 2. Nf3 Nc6 3. d4 cxd4 4. Nxd4 Nf6 5. Nc3 e5 6. Ndb5 d6 7. Bg5 a6 8. Na3 b5 9. Nd5 Be7 10. Bxf6 Bxf6 11. c4 b4 12. Nc2 0-0 13. g3 a5 14. Bg2 Be6 15. 0-0 Rc8 16. b3 Bxd5 17. Qxd5 Nd4 18. Nxd4 exd4 19. a3 Rc5 20. Qb7 d3 21. Ra2 Bc3 22. axb4 Bxb4 23. f4 d2 24. Bf3 Qf6 25. e5 dxe5 26. Bd5 e4 27. Raa1 e3 28. Bf3 Qc3 29. Be2 Qxb3 30. f5 Qc3 31. f6 g6 32. Qd7 Rfc8 33. Rad1 Rxc4 34. Bf3 R4c7 35. Qh3 e2 36. Bxe2 Qe3+ 37. Rf2 Bc5 0-1

[Event "CHN-chT Div-A Rapid"]
[Site "Fuling"]
[Date "2022.09.12"]
[Round "6.6"]
[White "Li, Xueyi"]
[Black "Wang, Yu A"]
[Result "0-1"]
[WhiteElo "2280"]
[BlackElo "2271"]
[PlyCount "84"]
[EventDate "2022.09.06"]
[EventType "team-tourn (rapid)"]
[EventRounds "11"]
[EventCountry "CHN"]
[SourceTitle "CBM 210 Extra"]
[Source "ChessBase"]
[SourceDate "2022.11.30"]
[SourceVersion "1"]
[SourceVersionDate "2022.11.30"]
[SourceQuality "1"]
[WhiteTeam "Shenzhen"]
[BlackTeam "Beijing"]
[WhiteTeamCountry "CHN"]
[BlackTeamCountry "CHN"]

1. d4 Nf6 2. Nf3 d5 3. g3 e6 4. Bg2 b5 5. a4 b4 6. 0-0 Bb7 7. c4 Be7 8. cxd5 Bxd5 9. Nbd2 0-0 10. Qc2 a5 11. e4 Bb7 12. e5 Nd5 13. Ne4 h6 14. Bd2 Nd7 15. Rac1 c5 16. Nxc5 Nxc5 17. dxc5 Rc8 18. Qe4 Bxc5 19. Qg4 f5 20. Qg6 Qe8 21. Qxe8 Rfxe8 22. Rfd1 Bb6 23. Be1 Rxc1 24. Rxc1 Rc8 25. Rxc8+ Bxc8 26. Bf1 Bd7 27. b3 g5 28. Bd2 Bc7 29. h3 Kf7 30. g4 Ne7 31. Bc1 Ng6 32. Bb2 fxg4 33. hxg4 Bc6 34. Nd2 Bxe5 35. Bc1 Bf4 36. Be2 Bd5 37. Kf1 Bxd2 38. Bxd2 Bxb3 39. Bb5 Nf4 40. Be3 Nd5 41. Bd4 Nc3 42. Bb6 Bxa4 0-1

[Event "CHN-chT Div-A Rapid"]
[Site "Fuling"]
[Date "2022.09.10"]
[Round "4.5"]
[White "Zhu, Jiner"]
[Black "Wang, Yu A"]
[Result "1/2-1/2"]
[WhiteElo "2464"]
[BlackElo "2271"]
[PlyCount "52"]
[EventDate "2022.09.06"]
[EventType "team-tourn (rapid)"]
[EventRounds "11"]
[EventCountry "CHN"]
[SourceTitle "CBM 210 Extra"]
[Source "ChessBase"]
[SourceDate "2022.11.30"]
[SourceVersion "1"]
[SourceVersionDate "2022.11.30"]
[SourceQuality "1"]
[WhiteTeam "Zhejiang"]
[BlackTeam "Beijing"]
[WhiteTeamCountry "CHN"]
[BlackTeamCountry "CHN"]

1. Nf3 Nf6 2. g3 b5 3. Bg2 Bb7 4. 0-0 e6 5. d3 Be7 6. e4 d6 7. Nc3 b4 8. Ne2 0-0 9. c3 c5 10. cxb4 cxb4 11. b3 Nc6 12. Bb2 a5 13. Nfd4 Nxd4 14. Nxd4 d5 15. Re1 dxe4 16. dxe4 Bc5 17. Nc2 Qxd1 18. Raxd1 Rfd8 19. e5 Bxg2 20. Kxg2 Nd5 21. Bd4 Bxd4 22. Rxd4 Nc3 23. a4 bxa3 24. Rxd8+ Rxd8 25. Nxa3 Rb8 26. Nc4 Rxb3 1/2-1/2

[Event "CHN-chT Div-A Rapid"]
[Site "Fuling"]
[Date "2022.09.08"]
[Round "3.3"]
[White "Wang, Yu A"]
[Black "Ren, Xiaoyi"]
[Result "1/2-1/2"]
[WhiteElo "2271"]
[BlackElo "2250"]
[PlyCount "39"]
[EventDate "2022.09.06"]
[EventType "team-tourn (rapid)"]
[EventRounds "11"]
[EventCountry "CHN"]
[SourceTitle "CBM 210 Extra"]
[Source "ChessBase"]
[SourceDate "2022.11.30"]
[SourceVersion "1"]
[SourceVersionDate "2022.11.30"]
[SourceQuality "1"]
[WhiteTeam "Beijing"]
[BlackTeam "Chengdu"]
[WhiteTeamCountry "CHN"]
[BlackTeamCountry "CHN"]

1. e4 e5 2. Nf3 Nc6 3. d4 exd4 4. Nxd4 Bc5 5. Nb3 Bb6 6. Nc3 Nf6 7. Bg5 h6 8. Bh4 g5 9. Bg3 d6 10. Qe2 Qe7 11. 0-0-0 Bd7 12. Nd5 Nxd5 13. exd5 Qxe2 14. Bxe2 Ne7 15. Rhe1 0-0-0 16. Bh5 Ng6 17. Bxg6 fxg6 18. Re7 Rde8 19. Rxe8+ Rxe8 20. f3 1/2-1/2

[Event "CHN-chT Div-A Rapid"]
[Site "Fuling"]
[Date "2022.09.06"]
[Round "1.4"]
[White "Wang, Yu A"]
[Black "Zhou, Guijue"]
[Result "1-0"]
[WhiteElo "2271"]
[BlackElo "2225"]
[PlyCount "51"]
[EventDate "2022.09.06"]
[EventType "team-tourn (rapid)"]
[EventRounds "11"]
[EventCountry "CHN"]
[SourceTitle "CBM 210 Extra"]
[Source "ChessBase"]
[SourceDate "2022.11.30"]
[SourceVersion "1"]
[SourceVersionDate "2022.11.30"]
[SourceQuality "1"]
[WhiteTeam "Beijing"]
[BlackTeam "Hangzhou Zhenjiang"]
[WhiteTeamCountry "CHN"]
[BlackTeamCountry "CHN"]

1. e4 c5 2. Nf3 d6 3. d4 cxd4 4. Nxd4 Nf6 5. Nc3 a6 6. Bd3 g6 7. 0-0 Bg7 8. Nb3 0-0 9. Bg5 h6 10. Bd2 Nc6 11. Qc1 Kh7 12. f4 Ng4 13. Nd5 e6 14. Ne3 Nxe3 15. Bxe3 f5 16. c3 e5 17. Qd2 exf4 18. Bxf4 d5 19. exf5 Bxf5 20. Rad1 Ne7 21. Bxf5 Rxf5 22. Nd4 Rf7 23. Be3 Rxf1+ 24. Rxf1 Qd6 25. Rf7 Ng8 26. Bf4 1-0

[Event "CHN-chT Div-A"]
[Site "Fuling"]
[Date "2022.09.06"]
[Round "1.4"]
[White "Zhou, Guijue"]
[Black "Wang, Yu A"]
[Result "1/2-1/2"]
[WhiteElo "2225"]
[BlackElo "2271"]
[PlyCount "47"]
[EventDate "2022.09.06"]
[EventType "team-tourn"]
[EventRounds "11"]
[EventCountry "CHN"]
[SourceTitle "CBM 210 Extra"]
[Source "ChessBase"]
[SourceDate "2022.11.30"]
[SourceVersion "1"]
[SourceVersionDate "2022.11.30"]
[SourceQuality "1"]
[WhiteTeam "Hangzhou Zhenjiang"]
[BlackTeam "Beijing"]
[WhiteTeamCountry "CHN"]
[BlackTeamCountry "CHN"]

1. e4 e5 2. Nf3 Nc6 3. d4 exd4 4. Nxd4 Nf6 5. Nxc6 bxc6 6. e5 Qe7 7. Qe2 Nd5 8. c4 Ba6 9. b3 g6 10. Ba3 d6 11. exd6 Qxe2+ 12. Bxe2 Bg7 13. cxd5 Bxe2 14. Kxe2 Bxa1 15. Rc1 0-0-0 16. Rxc6 Rd7 17. Nd2 Re8+ 18. Kf3 Re5 19. Nc4 Rxd5 20. Ke4 Rd4+ 21. Ke3 Rd5 22. Ke4 Rd4+ 23. Ke3 Rd5 24. Ke4 1/2-1/2

[Event "CHN-chT (Women)"]
[Site "Liaocheng"]
[Date "2021.10.27"]
[Round "8.2"]
[White "Jiang, Zhaoyi"]
[Black "Wang, Yu A"]
[Result "0-1"]
[WhiteElo "1896"]
[BlackElo "2287"]
[PlyCount "164"]
[EventDate "2021.10.20"]
[EventType "team-tourn"]
[EventRounds "9"]
[EventCountry "CHN"]
[SourceTitle "CBM 204 Extra"]
[Source "ChessBase"]
[SourceDate "2021.11.30"]
[SourceVersion "1"]
[SourceVersionDate "2021.11.30"]
[SourceQuality "1"]
[WhiteTeam "Heilongjiang (W)"]
[BlackTeam "Beijing (W)"]
[WhiteTeamCountry "CHN"]
[BlackTeamCountry "CHN"]

1. d4 d5 2. c4 Bf5 3. Nc3 e6 4. Nf3 Nc6 5. a3 Nf6 6. Bg5 Be7 7. e3 0-0 8. Bd3 dxc4 9. Bxc4 h6 10. Bh4 Ne4 11. Bxe7 Qxe7 12. Nxe4 Bxe4 13. Bd3 Bxd3 14. Qxd3 e5 15. Nxe5 Nxe5 16. dxe5 Qxe5 17. Qc2 Rfd8 18. 0-0 Rd5 19. Rad1 Rad8 20. b3 c6 21. h3 Qd6 22. Rxd5 Qxd5 23. a4 Qd3 24. Rc1 Qxc2 25. Rxc2 Rd1+ 26. Kh2 f5 27. Rb2 Kf7 28. Kg3 Ke6 29. Rc2 Kd5 30. Kf4 g6 31. f3 Ke6 32. h4 Kf6 33. g4 g5+ 34. hxg5+ hxg5+ 35. Kg3 Rd3 36. Rc5 fxg4 37. Kxg4 Rxe3 38. Rf5+ Ke6 39. b4 Ra3 40. a5 Rb3 41. Kxg5 Rxb4 42. Rf6+ Kd5 43. Rf5+ Ke6 44. Rf6+ Ke7 45. Kg6 c5 46. Rf7+ Kd6 47. f4 c4 48. Rf6+ Kd5 49. Rf8 c3 50. Rd8+ Ke4 51. f5 Rc4 52. f6 c2 53. f7 Rc6+ 54. Kh5 c1Q 55. f8Q Qh1+ 56. Kg5 Qg2+ 57. Kh4 Qh2+ 58. Kg5 Qg3+ 59. Kh5 Qh3+ 60. Kg5 Qg3+ 61. Kh5 Qe5+ 62. Kh4 Qf4+ 63. Qxf4+ Kxf4 64. Rf8+ Ke4 65. Rf7 Ra6 66. Rxb7 Rxa5 67. Kg4 Ra3 68. Re7+ Kd4 69. Kf4 a5 70. Rd7+ Kc4 71. Ke4 Rh3 72. Rc7+ Kb3 73. Rb7+ Kc3 74. Rc7+ Kb2 75. Rb7+ Rb3 76. Ra7 Rb4+ 77. Kd3 a4 78. Rh7 a3 79. Rh2+ Kb3 80. Rh1 a2 81. Rc1 Kb2 82. Rc2+ Ka3 0-1